| 000 | 01225nam a2200385 i 4500 | ||
|---|---|---|---|
| 001 | 32061 | ||
| 003 | KOSZ 005 | ||
| 005 | 20220215112723.0 | ||
| 008 | 220215s1994 pl f 001 0 pol d | ||
| 020 | _a8385451587 | ||
| 040 |
_aKOSZ 005 _cKOSZ 005/RW |
||
| 046 | _k1994 | ||
| 080 | _a004.42 | ||
| 080 | _a(07) | ||
| 100 | 1 |
_aMajewski, Zygmunt _eAutor |
|
| 245 | 1 | 0 |
_aNorton Utilities : _bwersja 8.0 / _cZygmunt Majewski. |
| 260 |
_aWarszawa : _bEXIT, _c[1994]. |
||
| 300 |
_a277 stron : _brysunki ; _c20 cm. |
||
| 336 |
_aTekst _btxt _2rdacontent |
||
| 337 |
_aBez urządzenia pośredniczącego _bn _2rdamedia |
||
| 338 |
_aWolumin _bnc _2rdacarrier |
||
| 380 | _aKsiążki | ||
| 380 | _aPublikacje fachowe | ||
| 388 | 1 | _a1901-2000 | |
| 388 | 1 | _a1989-2000 | |
| 500 | _aU dołu okładki: Programy narzędziowe. | ||
| 504 | _aIndeks. | ||
| 650 | 7 | _aNorton Utilities | |
| 650 | 7 | _aProgramy komputerowe | |
| 655 | 7 | _aPodręcznik | |
| 658 | _aInformatyka i technologie informacyjne | ||
| 710 | 2 |
_aAkademicka Oficyna Wydawnicza Exit _4pbl |
|
| 856 |
_uhttp://koha.tu.koszalin.pl/cgi-bin/koha/opac-detail.pl?biblionumber=32061 _yKatalog online BPK |
||
| 942 |
_2UKD _cKS |
||
| 999 |
_c32061 _d32061 |
||